|
|
|
|
| LEADER |
00000cam a2200000 i 4500 |
| 001 |
1/24271 |
| 008 |
060214s2005 gw | ||| |||| ||eng|| |
| 020 |
|
|
|a 382284103X
|
| 035 |
|
|
|l 10082633
|
| 040 |
|
|
|a GR-MyUa
|b gre
|e AACR2
|
| 041 |
0 |
|
|a eng
|a ger
|a fre
|
| 082 |
7 |
|
|a 749.32
|2 (22)
|
| 100 |
1 |
|
|a Fiell, Charlotte,
|d 1965-
|
| 245 |
1 |
0 |
|a 1000 chairs /
|c Charlotte & Peter Fiell ; edited by Simone Philippi, Susanne Uppenbrock ; German translation Klaus Binder, Jeremy Gaines ; French translation Jacques Bosser.
|
| 246 |
1 |
|
|a One thousand chairs
|
| 246 |
1 |
|
|a Thousand chairs
|
| 260 |
|
|
|a Köln :
|b Taschen,
|c c2005.
|
| 300 |
|
|
|a 624 σ. :
|b εικ. ;
|c 20 εκ.
|
| 500 |
|
|
|a Περιλαμβάνει ευρετήριο.
|
| 650 |
|
0 |
|a Chair design
|x History
|y 19th century.
|
| 650 |
|
0 |
|a Chair design
|x History
|y 20th century.
|
| 650 |
|
0 |
|a Chairs
|x History
|y 19th century.
|
| 650 |
|
0 |
|a Chairs
|x History
|y 20th century.
|
| 700 |
1 |
|
|a Fiell, Peter.
|
| 852 |
|
|
|a INST
|b SYROS
|e 20060214
|h 749.32 FIE
|p 005500004970
|q 005500004970
|t BK
|y 0
|
| 901 |
|
|
|a BIBL5-2006-1
|
| 922 |
|
|
|a 5ΕΛΗ
|b 200511
|c Βιβλιοθήκη Σύρου
|d Σελεφαίς
|
| 970 |
|
|
|a Τσουκαλά
|b Αλίκη
|z 14/02/2006
|